Words multiple times in Super Mario 64 Missions - Statistics

General Stats
  • This quiz has been taken 52 times
    22 since last reset
  • The average score is 22 of 49
Answer Stats
# of occurances Examples Answer % Correct
58 Big Bob-omb on the Summit | Footrace with Koopa the Quick | Shoot to the Island in the Sky | Find the 8 Red Coins | Mario Wings to the Sky | To the Top of the Fortress | Shoot into the Wild Blue | Red Coins on the Floating Isle | Fall onto the Caged Island | Blast Away the Wall | Plunder in the Sunken Ship | Can the Eel Come Out to Play? | Treasure of the Ocean Cave | Red Coins on the Ship Afloat | Blast to the Stone Pillar | Through the Jet Stream | Secret of the Haunted Books | Seek the 8 Red Coins | Eye to Eye in the Secret Room | Swimming Beast in the Cavern | Navigating the Toxic Maze | Boil the Big Bully | Bully the Bullies | Hot-Foot-It into the Volcano | Elevator Tour in the Volcano | In the Talons of the Big Bird | Shining Atop the Pyramid | Inside the Ancient Pyramid | Stand Tall on the Four Pillars | Chests in the Current | Through the Jet Stream | The Manta Ray's Reward | Collect the Caps... | Chill with the Bully | In the Deep Freeze | Whirl from the Freezing Pond | Into the Igloo | Top o' the Town | Secrets in the Shallows & Sky | Scale the Mountain | Mystery of the Monkey Cage | Blast to the Lonely Mushroom | Pluck the Piranha Flower | The Tip Top of the Huge Island | Rematch with Koopa the Quick | Roll into the Cage | The Pit and the Pendulums | Stomp on the Thwomp | Cruiser Crossing the Rainbow | The Big House in the Sky | Swingin' in the Breeze | Somewhere Over the Rainbow The
100%
3 Go on a Ghost Hunt | Get a Hand | Coins Amassed in a Maze A
93%
8 Shoot to the Island in the Sky | Mario Wings to the Sky | To the Top of the Fortress | Can the Eel Come Out to Play? | Blast to the Stone Pillar | Eye to Eye in the Secret Room | Go to Town for Red Coins | Blast to the Lonely Mushroom To
87%
14 Find the 8 Red Coins | Red Coins on the Floating Isle | Red Coins on the Ship Afloat | Frosty Slide for 8 Red Coins | Seek the 8 Red Coins | Elevate for 8 Red Coins | Free Flying for 8 Red Coins | Pole-Jumping for Red Coins | Shell Shreddin' for Red Coins | Go to Town for Red Coins | Scary 'Shrooms, Red Coins | Wiggler's Red Coins | Stop Time for Red Coins | Coins Amassed in a Maze Coins
80%
2 Footrace with Koopa the Quick | Rematch with Koopa the Quick Koopa
80%
3 Footrace with Koopa the Quick | Quick Race Through Downtown | Rematch with Koopa the Quick Quick
80%
13 Find the 8 Red Coins | Red Coins on the Floating Isle | Red Coins on the Ship Afloat | Frosty Slide for 8 Red Coins | Seek the 8 Red Coins | Elevate for 8 Red Coins | Free Flying for 8 Red Coins | Pole-Jumping for Red Coins | Shell Shreddin' for Red Coins | Go to Town for Red Coins | Scary 'Shrooms, Red Coins | Wiggler's Red Coins | Stop Time for Red Coins Red
80%
2 Secret of the Haunted Books | Eye to Eye in the Secret Room Secret
73%
3 Blast Away the Wall | Blast to the Stone Pillar | Blast to the Lonely Mushroom Blast
67%
8 Frosty Slide for 8 Red Coins | Elevate for 8 Red Coins | Watch for Rolling Rocks | Free Flying for 8 Red Coins | Pole-Jumping for Red Coins | Shell Shreddin' for Red Coins | Go to Town for Red Coins | Stop Time for Red Coins For
67%
2 Mario Wings to the Sky | Metal-Head Mario Can Move! Mario
60%
6 To the Top of the Fortress | Treasure of the Ocean Cave | Secret of the Haunted Books | In the Talons of the Big Bird | Mystery of the Monkey Cage | The Tip Top of the Huge Island Of
60%
7 Big Bob-omb on the Summit | Red Coins on the Floating Isle | Red Coins on the Ship Afloat | Go on a Ghost Hunt | Stand Tall on the Four Pillars | Stomp on the Thwomp | Timed Jumps on Moving Bars On
60%
5 Find the 8 Red Coins | Frosty Slide for 8 Red Coins | Seek the 8 Red Coins | Elevate for 8 Red Coins | Free Flying for 8 Red Coins 8
53%
2 Can the Eel Come Out to Play? | Metal-Head Mario Can Move! Can
53%
12 Shoot to the Island in the Sky | Plunder in the Sunken Ship | Eye to Eye in the Secret Room | Swimming Beast in the Cavern | Elevator Tour in the Volcano | In the Talons of the Big Bird | Chests in the Current | In the Deep Freeze | Secrets in the Shallows & Sky | The Big House in the Sky | Coins Amassed in a Maze | Swingin' in the Breeze In
53%
3 Shining Atop the Pyramid | Inside the Ancient Pyramid | Pyramid Puzzle Pyramid
53%
2 Big Penguin Race | Quick Race Through Downtown! Race
53%
2 Blast Away the Wall | Wall Kicks Will Work Wall
53%
2 Blast Away the Wall | Slip Slidin' Away Away
47%
8 Big Bob-omb on the Summit | Big Penguin Race | Ride Big Boo's Merry-Go-Round | Big Boo's Balcony | Boil the Big Bully | In the Talons of the Big Bird | Snowman's Big Head | The Big House in the Sky Big
47%
4 Shoot to the Island in the Sky | Mario Wings to the Sky | Secrets in the Shallows & Sky | The Big House in the Sky Sky
47%
2 Top o' the Town | Go to Town for Red Coins Town
47%
2 Hot-Foot-It into the Volcano | Elevator Tour in the Volcano Volcano
47%
2 Go on a Ghost Hunt | Go to Town for Red Coins Go
40%
2 Li'l Penguin Lost | Big Penguin Race Penguin
40%
2 Cruiser Crossing the Rainbow | Somewhere Over the Rainbow Rainbow
40%
2 Ride Big Boo's Merry-Go-Round | Big Boo's Balcony Boo's
33%
2 Elevator Tour in the Volcano | Express Elevator--Hurry Up! Elevator
33%
4 Shoot into the Wild Blue | Hot-Foot-It into the Volcano | Into the Igloo | Roll into the Cage Into
33%
2 Navigating the Toxic Maze | Coins Amassed in a Maze Maze
33%
2 Plunder in the Sunken Ship | Red Coins on the Ship Afloat Ship
33%
2 Shoot to the Island in the Sky | Shoot into the Wild Blue Shoot
33%
3 Boil the Big Bully | Bully the Bullies | Chill with the Bully Bully
27%
3 Shoot to the Island in the Sky | Fall onto the Caged Island | The Tip Top of the Huge Island Island
27%
2 Snowman's Lost His Head | Snowman's Big Head Snowman's
27%
3 To the Top of the Fortress | Top o' the Town | The Tip Top of the Huge Island Top
27%
4 Footrace with Koopa the Quick | 8-Coin Puzzle with 15 Pieces | Chill with the Bully | Rematch with Koopa the Quick With
27%
2 Snowman's Lost His Head | Snowman's Big Head Head
20%
2 Li'l Penguin Lost | Snowman's Lost His Head Lost
20%
2 8-Coin Puzzle with 15 Pieces | Pyramid Puzzle Puzzle
20%
2 Watch for Rolling Rocks | Red-Hot Log Rolling Rolling
20%
3 Through the Jet Stream | Through the Jet Stream | Quick Race Through Downtown! Through
20%
2 Mystery of the Monkey Cage | Roll into the Cage Cage
13%
2 Eye to Eye in the Secret Room Eye
13%
2 Whirl from the Freezing Pond | Breathtaking View from Bridge From
13%
2 Through the Jet Stream | Through the Jet Stream Jet
13%
2 Secrets in the Shallows & Sky | Five Itty Bitty Secrets Secrets
13%
2 Through the Jet Stream | Through the Jet Stream Stream
13%
No matching quizzes found
Score Distribution
Percent of People with Each Score
Percentile by Number Answered
Your Score History
You have not taken this quiz since the last reset